Danzig, die deutsche Hochschulstadt im bedrohten Osten

Titel: Danzig, die deutsche Hochschulstadt im bedrohten Osten / Hrsg.: Deutsche Studentenschaft Danzig
Körperschaft:
Veröffentlicht: [Danzig], [ca. 1935]
Umfang: [5] Bl. : überw. Ill., Kt.
Format: Buch
Sprache: Deutsch
Kein Bild verfügbar
X
Lokale Klassifikation: 7 15 B
alg: 12498958
001A    $03004:26-11-04 
001B    $01999:11-05-21 $t21:01:01.000 
001C    $03004:26-11-04 $t09:11:07.000 
001D    $03004:26-11-04 
001U    $0utf8 
001X    $00 
002@    $0Aau 
003@    $0124989586 
003O    $0177339701 $aOCoLC 
007A    $0124989586 $aHEB 
007T    $0Herdhh124989586 
010@    $ager 
011@    $a1935 $n[ca. 1935] 
021A    $aDanzig, die deutsche Hochschulstadt im bedrohten Osten $hHrsg.: Deutsche Studentenschaft Danzig 
029F    $#Studentenschaft Danzig $75011164-4 $8Deutsche Studentenschaft$gDanzig [Tb1] $9044272847 
033A    $p[Danzig] 
034D    $a[5] Bl. 
034M    $aüberw. Ill., Kt. 
045F    $a370.94382 $eDDC23BSB 
045F/01 $a370.9 
045F/03 $g4382 
045F/03 $g43832 
046L    $aIn Fraktur. 

lok: 12498958 24
101B    $026-11-04 $t09:11:07.000 
101C    $026-11-04 
145Z/01 $a7 15 B 
101U    $0utf8 

exp: 12498958 24 1 #EPN
201B/01 $026-11-04 $t09:11:07.000 
201C/01 $026-11-04 
203@/01 $0222342501 
208@/01 $a26-11-04 $br 
209A/01 $a7 XV B 29 $du $f050 $h7 15 B 29 $x00 
209C/01 $a1787 G 57 $h57 1787 G 
209G/01 $a70759071 $x00 
220C/01 $agro 
247C/01 $8358050-7 Marburg, Bibliothek des Herder-Instituts Marburg $9102600961 
201U/01 $0utf8 

lok: 12498958 78

exp: 12498958 78 1 #EPN
201B/01 $026-11-17 $t05:00:13.000 
201U/01 $0utf8 
203@/01 $0793706254 
208@/01 $a12-11-16 $be 
209A/01 $a/ $f000 $x00 
237A/01 $aIn Fraktur. - weiterführende Signatur(en): Herder-Institut: 7 XV B 29 
244Z/01 $2Trx $#Prusy Wschodnie i Zachodnie $8--Trx--Ost- und Westpreußen $x01 $939113373X 
244Z/01 $#Danzig $#Ville Libre de Danzig $#Dantzig $#Ville Libre de Dantzig $#Freistaat Danzig $#Gdańsk $#Freie Stadt Danzig $#Urząd Miejski w Gdańsku $#Gyddanzyc $#Gedanum $#Dantiscum $74011039-4 $8--Tg1--Danzig $x02 $9085022225 
245Z/01 $a11.05 $x01 
247C/01 $82080>Marburg/Lahn, Herder-Institut, Forschungsbibliothek, Bibliographieportal $9336309341
LEADER 00000cam a2200000 c 4500
001 124989586
003 DE-603
005 20210511210101.0
007 tu
008 041126s1935 xx |||| | u00||u|ger c
035 |a (DE-599)HEB124989586 
035 |a (OCoLC)177339701 
040 |a DE-603  |b ger  |c DE-603  |d DE-603 
041 |a ger 
082 0 4 |8 1\u  |a 370.94382  |q DE-101  |2 23/BSB 
085 |8 1\u  |b 370.9 
085 |8 1\u  |z 2  |s 4382 
085 |8 1\u  |z 2  |s 43832 
245 0 0 |a Danzig, die deutsche Hochschulstadt im bedrohten Osten  |c Hrsg.: Deutsche Studentenschaft Danzig 
264 1 |a [Danzig]  |c [ca. 1935] 
300 |a [5] Bl.  |b überw. Ill., Kt. 
546 |a In Fraktur. 
710 2 |a Deutsche Studentenschaft  |g Danzig  |0 (DE-603)044272847  |0 (DE-588)5011164-4  |2 gnd 
924 0 |9 Mb 50  |a (DE-603)222342501  |b DE-Mb50  |c HES  |d c  |g 7 XV B 29 
924 0 |9 2080  |a (DE-603)793706254  |b DE-2080  |c HES  |d d  |g /